000 00545cam a2200205ua 4500
001 6095
005 20260515113959.0
008 131125n ii |||gr||||Z||||||eng
040 _cMAIN
082 _a657
245 _aPractice In Accountancy :
_bVolume I /
_cBy Sankar Prasad Basu .
250 _a9th ed.
260 _aKolkata:
_bRabindra Library,
_c2004.
300 _axvi,1239p.
653 _aAccounting
653 _aPractice In Accountancy
700 _aBasu,Sankar Prasad,
_eAuthor.,
700 _aDas,Monilal,
_eAuthor.
942 _cBK
999 _c5243
_d5243